| 000 | 00452cam a2200181ua 4500 | ||
|---|---|---|---|
| 020 | _c60.00 | ||
| 041 |
_aeng _h |
||
| 082 |
_a530 _bITT/BS |
||
| 100 | _aIttiavirah, Joseph . | ||
| 245 |
_aBSc Physics subsidiary / _cJoseph Ittiavirah. _hTextual Documents |
||
| 260 |
_aKaniampdy : _bPhysics publications , _c2002. |
||
| 300 | _a ; . | ||
| 365 | _a60.00 | ||
| 504 | _a | ||
| 700 | 1 | _aPremnath, V K . | |
| 942 | _cBK | ||
| 999 |
_c13331 _d13331 |
||